| 000 | 00470nam a2200145Ia 4500 | ||
|---|---|---|---|
| 008 | 231129s2008||||xx |||||||||||||| ||spa|| | ||
| 020 | _a978-958-98220-2-9 | ||
| 040 | _bspa | ||
| 082 | _a362.29 C718d | ||
| 100 | _aColombia. Ministerio de la Protección Social | ||
| 245 | 0 | _aDiagnóstico situacional sustancias psicoactivas en la población trabajadora | |
| 260 | _c2008 | ||
| 264 | _aImprenta Nacional de Colombia | ||
| 942 |
_2ddc _cBKS |
||
| 999 |
_c9165 _d9165 |
||